000 00498nam a2200169 i 4500
001 31007
003 ES-MaACL
005 20230906154307.0
007 t|
008 030128s1965 sp ||||1| spa d
100 1 _aBatten, T. R.
_926478
245 1 0 _aPreparación para el desarrollo unitario /
_cT.R. Batten, Javier Armada Abella.
260 _aMadrid :
_bEuroamérica,
_c[1965]
300 _a259 p. ;
_c18 cm.
700 1 _aArmada Abella, Javier.
_922903
852 _aES-MaACL
_jC-27110
_bR.56221
999 _c31007
_d31007